000 00677nam a22002057a 4500
005 20251108165335.0
008 250721s1993 xx 000 0 ara d
082 1 4 _a929.2/سيو
100 1 _aالسيوطي، جلال الدين أبو الفضل
245 1 0 _aنسب النبي صلى الله عليه و سلم /
264 1 _aالقاهره :
_bدار الأمين للنشر و التوزيع،
_c1993.
300 _a107ص
490 0 _aمن تراث السيوطي
650 1 7 _aالأنساب
650 1 7 _aالهاشميون
650 1 7 _aالتراجم
700 1 _aعزب، محمد زينهم محمد
_eتحقيق
942 _2ddc
_cBK
999 _c25515
_d25515